000 00620nam a22002057a 4500
999 _c13656
_d13656
003 AR-CdUCM
008 190416b ||||| |||| 00| 0 spa d
040 _aMUNICIPALIDAD PROVINCIAL DEL CUSCO
_cBIBLIOTECA MUNICIPAL DEL CUSCO
082 _a869.33 /
_bSC28
100 _aScarpa, Roque Esteban
_97479
245 _aCiencia de aire :
_bpoemas /
260 _aBarcelona :
_bEdiciones Rondas,
_c1981.
300 _a110 páginas ;
_c21 cm.
505 _aContenido: Poesías.
650 _aLiteratura Chilena
_92985
650 _aPoesía
_9139
650 _aSiglo XX
_98
942 _2ddc
_cLIBROS
945 _aachl
_d2019-04-16